Winners of the British Grand Prix - Statistics

General Stats
  • This quiz has been taken 10 times
  • The average score is 44 of 76
Answer Stats
Year Constructor Winner % Correct
2022 Ferrari Carlos Sainz Jr.
89%
2008 McLaren-Mercedes Lewis Hamilton
89%
2014 Mercedes Lewis Hamilton
89%
2015 Mercedes Lewis Hamilton
89%
2016 Mercedes Lewis Hamilton
89%
2017 Mercedes Lewis Hamilton
89%
2019 Mercedes Lewis Hamilton
89%
2020 Mercedes Lewis Hamilton
89%
2021 Mercedes Lewis Hamilton
89%
2024 Mercedes Lewis Hamilton
89%
2023 Red Bull Racing-Honda RBPT Max Verstappen
89%
2025 McLaren-Mercedes Lando Norris
78%
1986 Williams-Honda Nigel Mansell
78%
1987 Williams-Honda Nigel Mansell
78%
1991 Williams-Renault Nigel Mansell
78%
1992 Williams-Renault Nigel Mansell
78%
1983 Renault Alain Prost
67%
1985 McLaren-TAG Alain Prost
67%
1989 McLaren-Honda Alain Prost
67%
1990 Ferrari Alain Prost
67%
1993 Williams-Renault Alain Prost
67%
1952 Ferrari Alberto Ascari
67%
1953 Ferrari Alberto Ascari
67%
1988 McLaren-Honda Ayrton Senna
67%
1994 Williams-Renault Damon Hill
67%
2006 Renault Fernando Alonso
67%
2011 Ferrari Fernando Alonso
67%
1959 Cooper-Climax Jack Brabham
67%
1960 Cooper-Climax Jack Brabham
67%
1966 Brabham-Repco Jack Brabham
67%
1969 Matra-Ford Jackie Stewart
67%
1971 Tyrrell-Ford Jackie Stewart
67%
1996 Williams-Renault Jacques Villeneuve
67%
1997 Williams-Renault Jacques Villeneuve
67%
1977 McLaren-Ford James Hunt
67%
1956 Lancia-Ferrari Juan Manuel Fangio
67%
2010 Red Bull-Renault Mark Webber
67%
2012 Red Bull-Renault Mark Webber
67%
1998 Ferrari Michael Schumacher
67%
2002 Ferrari Michael Schumacher
67%
2004 Ferrari Michael Schumacher
67%
2001 McLaren-Mercedes Mika Hakkinen
67%
2013 Mercedes Nico Rosberg
67%
1976 Ferrari Niki Lauda
67%
1982 McLaren-Ford Niki Lauda
67%
1984 McLaren-TAG Niki Lauda
67%
2009 Red Bull-Renault Sebastian Vettel
67%
2018 Ferrari Sebastian Vettel
67%
1970 Lotus-Ford Jochen Rindt
56%
2007 Ferrari Kimi Raikkonen
56%
2003 Ferrari Rubens Barrichello
56%
1980 Williams-Ford Alan Jones
44%
1999 McLaren-Mercedes David Coulthard
44%
2000 McLaren-Mercedes David Coulthard
44%
1950 Alfa Romeo Giuseppe Farina
44%
1962 Lotus-Climax Jim Clark
44%
1963 Lotus-Climax Jim Clark
44%
1964 Lotus-Climax Jim Clark
44%
1965 Lotus-Climax Jim Clark
44%
1967 Lotus-Ford Jim Clark
44%
1974 Tyrrell-Ford Jody Scheckter
44%
2005 McLaren-Mercedes Juan Pablo Montoya
44%
1972 Lotus-Ford Emerson Fittipaldi
33%
1975 McLaren-Ford Emerson Fittipaldi
33%
1955 Mercedes Stirling Moss
33%
1957 Vanwall Stirling Moss/Tony Brooks
33%
1961 Ferrari Wolfgang von Trips
33%
1978 Ferrari Carlos Reutemann
22%
1979 Williams-Ford Clay Regazzoni
22%
1995 Benetton-Renault Johnny Herbert
11%
1981 McLaren-Ford John Watson
11%
1973 McLaren-Ford Peter Revson
11%
1951 Ferrari Jose Froilan Gonzalez
0%
1954 Ferrari Jose Froilan Gonzalez
0%
1968 Lotus-Ford Jo Siffert
0%
1958 Ferrari Peter Collins
0%
No matching quizzes found
Score Distribution
Percent of People with Each Score
Percentile by Number Answered
Your Score History
You have not taken this quiz